[Event "Bogota El Tablazo op-B"]
[Site "Bogota"]
[Date "2022.06.27"]
[Round "6.41"]
[White "Duarte Guiza, Fredy Samuel"]
[Black "Campos Perilla, Ximena Estefania"]
[Result "1-0"]
[WhiteElo "1286"]
[BlackElo "1074"]
[PlyCount "115"]
[EventDate "2022.06.24"]
[EventType "swiss"]
[EventRounds "7"]
[EventCountry "COL"]
[SourceTitle "EXT 2024"]
[Source "ChessBase"]
[SourceDate "2023.10.10"]
[SourceVersion "1"]
[SourceVersionDate "2023.10.10"]
[SourceQuality "1"]

1. d4 Nf6 2. Nc3 g6 3. Nf3 Bg7 4. g3 0-0 5. Bg2 a6 6. Bg5 Nc6 7. e3 d6 8. Bxf6 Bxf6 9. 0-0 e5 10. dxe5 Nxe5 11. Nxe5 Bxe5 12. Qd2 Rb8 13. Rad1 Bg4 14. f3 Be6 15. a3 b5 16. Ne4 Rb6 17. Nc5 Bxb2 18. e4 Bxa3 19. Nb3 Bb2 20. f4 Qe7 21. e5 dxe5 22. fxe5 Bxe5 23. Qe2 Bxb3 24. cxb3 Qc5+ 25. Kh1 a5 26. Rfe1 Bg7 27. Rc1 Qd6 28. Red1 Qe5 29. Re1 Qxe2 30. Rxe2 Rc8 31. Bh3 f5 32. Re7 c6 33. Rb1 Bf6 34. Re6 Kf7 35. Re2 Re8 36. Rc2 Rc8 37. Re2 c5 38. Rc2 h5 39. Rbc1 Rbc6 40. Bg2 R6c7 41. Bd5+ Ke7 42. Re1+ Kf8 43. Be6 Ra8 44. Rec1 Bd4 45. Bd5 Ra6 46. Re1 a4 47. Rce2 axb3 48. Re8+ Kg7 49. Rg8+ Kh6 50. Bxb3 Ra1 51. Rxa1 Bxa1 52. Rb8 b4 53. Ra8 Bd4 54. Bc4 Kg5 55. h4+ Kg4 56. Kg2 Re7 57. Ra5 Re2+ 58. Bxe2# 1-0

[Event "Bogota El Tablazo op-B"]
[Site "Bogota"]
[Date "2022.06.26"]
[Round "4.39"]
[White "Agudelo Palacio, Jhon Fernando"]
[Black "Campos Perilla, Ximena Estefania"]
[Result "1-0"]
[WhiteElo "1584"]
[BlackElo "1074"]
[PlyCount "55"]
[EventDate "2022.06.24"]
[EventType "swiss"]
[EventRounds "7"]
[EventCountry "COL"]
[SourceTitle "EXT 2024"]
[Source "ChessBase"]
[SourceDate "2023.10.10"]
[SourceVersion "1"]
[SourceVersionDate "2023.10.10"]
[SourceQuality "1"]

1. c4 c5 2. g3 e6 3. Bg2 Qc7 4. Nc3 a6 5. Nf3 Nf6 6. d4 Be7 7. e3 0-0 8. 0-0 d5 9. cxd5 exd5 10. Ne5 Be6 11. Qc2 Nc6 12. Nxc6 bxc6 13. a3 cxd4 14. exd4 c5 15. Ne2 Rac8 16. Bf4 Qc6 17. Rac1 Bd7 18. Qc3 Ne4 19. Qf3 Nd2 20. Bxd2 c4 21. Nf4 Qb6 22. Nxd5 Qd6 23. Bf4 Qe6 24. Rfe1 Qf5 25. Nxe7+ Kh8 26. Nxf5 h6 27. Qg4 Bb5 28. Qxg7# 1-0

[Event "Bogota El Tablazo op-B"]
[Site "Bogota"]
[Date "2022.06.25"]
[Round "2.30"]
[White "Reyes Aristizabal, Andres"]
[Black "Campos Perilla, Ximena Estefania"]
[Result "1/2-1/2"]
[WhiteElo "1551"]
[BlackElo "1074"]
[PlyCount "45"]
[EventDate "2022.06.24"]
[EventType "swiss"]
[EventRounds "7"]
[EventCountry "COL"]
[SourceTitle "EXT 2024"]
[Source "ChessBase"]
[SourceDate "2023.10.10"]
[SourceVersion "1"]
[SourceVersionDate "2023.10.10"]
[SourceQuality "1"]

1. e4 c5 2. d4 e6 3. Nf3 d5 4. exd5 exd5 5. Bb5+ Nc6 6. 0-0 Nf6 7. Re1+ Be6 8. Ng5 Ne4 9. Nxe4 dxe4 10. Rxe4 Bd6 11. d5 0-0 12. Nc3 Bf5 13. dxc6 Bxe4 14. cxb7 Rb8 15. Bg5 Qxg5 16. Nxe4 Qe5 17. Nxd6 Rfd8 18. Qf3 Rxd6 19. c3 Rf6 20. Qd3 Rd6 21. Qf3 Rf6 22. Qd3 Rd6 23. Qf3 1/2-1/2

[Event "Tunja Boyaca op-B"]
[Site "Tunja"]
[Date "2019.08.03"]
[Round "6"]
[White "Avella Faura, Neil Josue"]
[Black "Campos Perilla, Ximena Estefania"]
[Result "1-0"]
[WhiteElo "1533"]
[BlackElo "1260"]
[PlyCount "101"]
[EventDate "2019.07.31"]
[EventType "swiss"]
[EventRounds "9"]
[EventCountry "COL"]
[SourceTitle "EXT 2020"]
[Source "ChessBase"]
[SourceDate "2019.10.17"]
[SourceVersion "1"]
[SourceVersionDate "2019.10.17"]
[SourceQuality "1"]

1. d4 Nf6 2. c4 d5 3. Nf3 Nc6 4. e3 Bf5 5. Nc3 e6 6. Bd3 Bd6 7. Bxf5 exf5 8. cxd5 Ne7 9. Qb3 0-0 10. 0-0 c6 11. dxc6 bxc6 12. Qc2 c5 13. d5 Nexd5 14. Nxd5 Nxd5 15. Qxf5 Ne7 16. Qg4 Qc7 17. Bd2 Rfd8 18. Bc3 Ng6 19. h4 Ne5 20. Qg3 Nxf3+ 21. Qxf3 Bh2+ 22. Kh1 Bd6 23. Rac1 Be5 24. Bb4 Bxb2 25. Rxc5 Qb6 26. a3 h6 27. Rf5 Qe6 28. g4 Rac8 29. g5 Rc1 30. Rxc1 Bxc1 31. gxh6 Qxh6 32. h5 g6 33. Rxf7 Qxh5+ 34. Qxh5 gxh5 35. Rxa7 Rd1+ 36. Kg2 Rd3 37. a4 Kh8 38. Ra5 Kg7 39. Rxh5 Rb3 40. Bc5 Ba3 41. Bxa3 Rxa3 42. Ra5 Kf6 43. Kf3 Ke6 44. Ke4 Kd6 45. f4 Kc6 46. Ra6+ Kb7 47. Ra5 Rc3 48. Kd4 Rb3 49. Rb5+ Rxb5 50. axb5 Kb6 51. Kc4 1-0

[Event "COL-ch U10 Girls"]
[Site "Fusagasuga"]
[Date "2019.06.30"]
[Round "7"]
[White "Campos Perilla, Ximena Estefania"]
[Black "Posada Realpe, Isabel Sofia"]
[Result "0-1"]
[WhiteElo "1210"]
[BlackElo "1073"]
[PlyCount "146"]
[EventDate "2019.06.26"]
[EventType "tourn"]
[EventRounds "9"]
[EventCountry "COL"]
[SourceTitle "CBM 191 Extra"]
[Source "ChessBase"]
[SourceDate "2019.09.30"]
[SourceVersion "1"]
[SourceVersionDate "2019.09.30"]
[SourceQuality "1"]

1. e4 e5 2. d4 exd4 3. Qxd4 Nc6 4. Qe3 Nf6 5. Nc3 Bb4 6. Bd2 0-0 7. 0-0-0 Re8 8. Qg3 Rxe4 9. Nxe4 Nxe4 10. Qe3 Bxd2+ 11. Rxd2 Nxd2 12. Qxd2 d6 13. Bd3 Qf6 14. Nf3 Bf5 15. Re1 Bxd3 16. Qxd3 Nb4 17. Qb3 Qf4+ 18. Kb1 Rb8 19. a3 Nc6 20. g3 Qf6 21. Qe3 h6 22. h4 Rf8 23. g4 Qe6 24. Qc3 Qf6 25. Qxf6 gxf6 26. g5 fxg5 27. hxg5 hxg5 28. Nxg5 f6 29. Ne6 Re8 30. Rg1+ Kf7 31. Nxc7 Re2 32. f4 Rf2 33. Nd5 Nd4 34. c3 Ne2 35. Re1 Kg6 36. Ne7+ Kh5 37. Rh1+ Kg4 38. f5 Ng3 39. Rg1 Rf1+ 40. Rxf1 Nxf1 41. Kc2 Ne3+ 42. Kd3 Nxf5 43. Nc8 a6 44. b4 Kf4 45. Kc4 Ke5 46. a4 Ne3+ 47. Kd3 Nd5 48. Kc4 f5 49. b5 axb5+ 50. axb5 f4 51. Kd3 f3 52. c4 f2 53. Ke2 f1Q+ 54. Kxf1 Ne3+ 55. Ke2 Nxc4 56. Kd3 Kd5 57. Kc3 Kc5 58. Kd3 Kxb5 59. Kd4 Kb4 60. Kd5 b5 61. Nxd6 Nxd6 62. Kxd6 Kc3 63. Kc5 b4 64. Kb5 b3 65. Kc5 b2 66. Kd5 b1Q 67. Kc5 Qe4 68. Kb5 Qc4+ 69. Ka5 Qb3 70. Ka6 Kc4 71. Ka7 Kc5 72. Ka8 Kc6 73. Ka7 Qb7# 0-1

[Event "COL-ch U10 Girls"]
[Site "Fusagasuga"]
[Date "2019.06.30"]
[Round "8"]
[White "De Leon Villarreal, Gabriela"]
[Black "Campos Perilla, Ximena Estefania"]
[Result "0-1"]
[WhiteElo "1444"]
[BlackElo "1210"]
[PlyCount "102"]
[EventDate "2019.06.26"]
[EventType "tourn"]
[EventRounds "9"]
[EventCountry "COL"]
[SourceTitle "CBM 191 Extra"]
[Source "ChessBase"]
[SourceDate "2019.09.30"]
[SourceVersion "1"]
[SourceVersionDate "2019.09.30"]
[SourceQuality "1"]

1. e4 c5 2. Nf3 e6 3. d4 cxd4 4. Nxd4 a6 5. Nc3 Qc7 6. Be3 Nc6 7. g3 Bb4 8. Bg2 Nxd4 9. Bxd4 Nf6 10. 0-0 Bxc3 11. Bxc3 0-0 12. Qe2 d5 13. e5 Nd7 14. Rfe1 b5 15. Bb4 Re8 16. Rad1 a5 17. Bd6 Qd8 18. Qxb5 Nb6 19. c3 Nc4 20. b3 Ba6 21. Qc6 Nxd6 22. exd6 Qf6 23. Bxd5 Rec8 24. Qb6 exd5 25. Rxd5 Rcb8 26. Qc7 Rb7 27. Qc6 Rbb8 28. Rde5 h6 29. Re8+ Rxe8 30. Rxe8+ Rxe8 31. Qxe8+ Kh7 32. d7 Bb5 33. Qc8 Bxd7 34. Qxd7 Qxc3 35. Qxf7 Qa1+ 36. Kg2 Qxa2 37. Qf5+ g6 38. Qf7+ Kh8 39. Qf8+ Kh7 40. Qf7+ Kh8 41. Qxg6 Qxb3 42. Qxh6+ Kg8 43. f4 a4 44. h4 a3 45. Qf6 Qb2+ 46. Qxb2 axb2 47. h5 b1Q 48. Kh3 Qh1+ 49. Kg4 Kg7 50. Kg5 Qh2 51. f5 Qxg3# 0-1

[Event "COL-ch sf3 U12"]
[Site "Moniquira"]
[Date "2019.05.23"]
[Round "1.11"]
[White "Guerrero Ortega, Johan Nicolas"]
[Black "Campos Perilla, Ximena Estefania"]
[Result "1-0"]
[WhiteElo "1086"]
[BlackElo "1194"]
[PlyCount "27"]
[EventDate "2019.05.23"]
[EventType "swiss"]
[EventRounds "6"]
[EventCountry "COL"]
[SourceTitle "EXT 2024"]
[Source "ChessBase"]
[SourceDate "2023.10.10"]
[SourceVersion "1"]
[SourceVersionDate "2023.10.10"]
[SourceQuality "1"]

1. d4 d5 2. c4 Nf6 3. Nc3 Nc6 4. Nf3 Bf5 5. Bg5 e6 6. a3 h6 7. Bf4 Bd6 8. Ne5 g5 9. Bg3 Na5 10. c5 Bxe5 11. Bxe5 Qe7 12. Nb5 0-0-0 13. Bxc7 Rd7 14. Bxa5 1-0